01146nam a2200241 a 450000100060000000300090000600800410001502000150005604000280007108200170009910000250011624500420014126000300018330000070021350502640022059001360048465000410062065000300066165000320069194200120072399900170073595201520075217136CO-ViMGA141112s2004 ck r 000 u spa d a9701506987 aCO-ViMGAbspacCO-ViMGA04a372.52 S158c1 aSalvador, Ana92433110aConocer al niño a traves del dibujo aMadrid; Alfaomega, c2001 a78 aDistintos enfoques sobre el dibujo Que es el dibujo para el niño? Para los educadores? Para los psicólogos 31 - - Etapas del dibujo Evolución del dibujo infantil, El dibujo de la figura humana : La imagen corporal 53 - - Que pueden hacer los padres 69  aForma de adquisición : Compra fact. 0856 - - Precio : 24000 - - Proveedor : Temas y libros - - Fecha de adquisición : Mayo 200714aARTE - ESTUDIO Y ENSEÑANAZA92433214aDIBUJOS INFANTILES92433314aNIÑOS - PSICOLOGIA924334 2ddccBK c26738d26738 00102ddc40708003aMEVIECARbMEVIECARd2015-12-04hVolumen. 1 | 11/jun/2009l0o372.52 S158c p17136r2019-03-19 00:00:00tEj. 1w2015-12-04yBK